Health care consumers, professionals, and organizations /

Bibliographic Details
Other Authors: McKinlay, John B.
Format: Book
Language:English
Published: Cambridge, Mass. : MIT Press, [1981]
Series:Milbank reader ; 2.
Subjects:

MARC

Tag First Indicator Second Indicator Subfields
LEADER 00000pam a2200000 a 4500
001 in00000098170
005 20150924085643.0
008 810723s1981 maua b 00100 eng
010 |a  81012389  
020 |a 0262131773 
020 |a 0262131765 
020 |a 0262630788 (pbk.) 
035 |a (OCoLC)07733653 
035 |9 AAK9536AM 
039 0 |a 2  |b 3  |c 3  |d 3  |e 3 
040 |a DLC  |c DLC  |d TXA  |d UtOrBLW 
043 |a n-us--- 
049 |a TXAM  |c [986040] 
050 0 0 |a RA395 A3  |b  H394 
060 0 |a W 84.1 H435 
082 0 |a 362.1/0973  |2 19 
245 0 0 |a Health care consumers, professionals, and organizations /  |c  edited by John B. McKinlay. 
264 1 |a Cambridge, Mass. :  |b MIT Press,  |c [1981] 
264 4 |c ©1981 
300 |a xiii, 444 pages :  |b illustrations ;  |c 23 cm. 
336 |a text  |b txt  |2 rdacontent 
337 |a unmediated  |b n  |2 rdamedia 
338 |a volume  |b nc  |2 rdacarrier 
490 1 |a Milbank reader ;  |v 2 
504 |a Includes bibliographies and index. 
650 0 |a Medical care  |z United States. 
650 0 |a Physician and patient  |z United States. 
650 0 |a Physicians  |z United States. 
650 2 |a Consumer Participation  |x Collected works. 
650 2 |a Health Facility Administration  |x Collected works. 
650 2 |a Health Occupations  |x Collected works. 
700 1 |a McKinlay, John B. 
830 0 |a Milbank reader ;  |v 2. 
999 |a MARS 
999 f f |s 2602731a-7794-3d41-946c-7dffd104f917  |i f2f1833d-45aa-33df-bd84-7c5ff52bf4a0  |t 0 
952 f f |p ric  |a Texas A&M University  |b Rellis Campus  |c Joint Library Facility  |d Remote Storage  |t 0  |e RA395 A3 H394  |h Library of Congress classification  |i unmediated -- volume  |m A14806024407 
998 f f |a RA395 A3 H394  |t 0  |l Remote Storage